Fill the Bible Verses #4 - Statistics

General Stats
  • This quiz has been taken 25 times
  • The average score is 8 of 20
Answer Stats
Answer % Correct
and to the {end} of the earth.
74%
{Psalm} 100:4
74%
and his {courts} with praise!
65%
Enter his gates with {thanksgiving},
61%
{Acts} 1:8
52%
when the {Holy Spirit} has come upon you,
48%
All Scripture is {breathed} out by God
43%
Give thanks to Him; {bless} his name!
43%
in Jerusalem and in all Judea and {Samaria},
43%
May the {grace} of the Lord Jesus Christ,
43%
the {love} of God
43%
and profitable for {teaching}, for reproof,
39%
But you will receive {power}
39%
and you will be my {witnesses}
30%
{equipped} for every good work.
30%
for correction, and for training in {righteousness},
30%
{2 Corinthians} 13:14
26%
{2 Timothy} 3:16-17
26%
and the {fellowship} of the Holy spirit be with you all
22%
that the Man of God may be {complete},
13%
No matching quizzes found
Score Distribution
Percent of People with Each Score
Percentile by Number Answered
Your Score History
You have not taken this quiz